| 000 | 00471nam a22001577a 4500 | ||
|---|---|---|---|
| 999 |
_c60719 _d60719 |
||
| 005 | 20231012173807.0 | ||
| 008 | 231012s1987 enk||||| |||| 00| 0 eng d | ||
| 041 | _aeng | ||
| 080 | _a726 T-44 | ||
| 100 |
_aTzaferis V. _920070 |
||
| 245 |
_aThe monastery of the holy cross in jerusalem / _cV.Tzaferis. |
||
| 264 | _c1987. | ||
| 300 |
_a83 p.: _bill.; _c24 cm. |
||
| 653 | _aჯვრის მონასტერი იერუსალიმში | ||
| 942 |
_2udc _cBK |
||